- Volgin, V. P.: Saint-Simon és a saint-simonizmus. Moszkva, 1961. 156 p.
Elmentve itt :
| Szerző: | |
|---|---|
| Adatforrás: | Philobibl |
| Forrásdokumentuma: | Magyar Filozófiai Szemle 8 1964/3., 559-560. p. |
| Dokumentumtípus: | Cikk |
| Nyelv: | magyar |
| LEADER | 00333nab a2200097 c 4500 | ||
|---|---|---|---|
| 001 | bibDOK00007396 | ||
| 005 | 20200924120321.1 | ||
| 008 | 060518s1964 hu hun | ||
| 100 | 1 | |a Szabó Imre | |
| 245 | 1 | 0 | |a - Volgin, V. P.: Saint-Simon és a saint-simonizmus. Moszkva, 1961. 156 p. |c Szabó Imre |
| 773 | 0 | |t Magyar Filozófiai Szemle 8 |g 1964/3., 559-560. p. | |